Neslobodno ísť cestou ústupkov Na 7. zasadaní ÚV Poľskej zjednotenej robotníckej strany pokračovala diskusia

Bibliographic Details
Format: Article
Language:Slovak
Subjects:

MARC

LEADER 00000nab a2200000 a 4500
001 vtls000106767
003 SK-MaSNL
005 20260303222237.0
008 150501c1982 xo 0 slo
015 |a SNBRB19rr/mm-uuuuu 
035 |a CL0116870 
040 |a SNKBUCL  |b slo  |c SNKBUCL  |e AACR2 
041 0 |a slo 
044 |a xo  |c SK 
080 |a 329.15(100-11)  |2 1981 
080 |a 323(100-11)(438)  |2 1981 
245 0 0 |a Neslobodno ísť cestou ústupkov  |b Na 7. zasadaní ÚV Poľskej zjednotenej robotníckej strany pokračovala diskusia 
610 2 7 |a Polska Zjednoczona Partia Robotnicza  |2 SNKKA  |9 242914 
655 7 |a články z novín a časopisov  |2 snkbucl  |9 267496 
773 0 |t Pravda  |g Roč. 63, č. 38 (26. 2. 1982), s. 7 
850 |a Slovenská národná knižnica v Martine  |a MTA001 
852 |a SNK  |b KIS3GCP 
958 |a RK 
958 |a PL 
992 |a RBX 
999 |c 2239088  |d 2241018